Pivní kuchařka /

Hlavní autor: Marhold, Jiří, 1932-
Další autoři: Winter-Neprakta, Jiří, 1924-2011
Jazyk: Čeština
Vydáno: Praha : Plot, 2002
Edice: Prostřeno
Témata:
Fyzický popis: 182 s. : il. ; 21 cm
Knihy
Uloženo v:
LEADER 01270nam a2200373 a 4500
001 000615899
003 CZ BrMZK
005 20190718122419.0
007 ta
008 020809s2002 xr e f cze d
015 |a cnb001179943 
015 |a cnb001195832 
020 |a 80-86523-06-3 
035 |a (OCoLC)53267852 
040 |a BOA001  |b cze 
072 7 |a 641  |x Kuchařství. Potraviny. Vařená jídla  |2 Konspekt  |9 19 
080 |a 641/642  |2 MRF 
080 |a 663.4  |2 MRF 
080 |a (083.12)  |2 MRF 
100 1 |a Marhold, Jiří,  |d 1932-  |7 mzk2002147918  |4 aut 
245 1 0 |a Pivní kuchařka /  |c Jiří Marhold ; [ilustrace Jiří Winter-Neprakta] 
246 1 4 |a Pivní kuchařka, aneb, Kde se z piva vaří, tam se dobře daří 
246 3 0 |a Kde se z piva vaří, tam se dobře daří 
260 |a Praha :  |b Plot,  |c 2002 
300 |a 182 s. :  |b il. ;  |c 21 cm 
490 1 |a Prostřeno 
650 0 7 |a jídla  |7 ph114847  |2 czenas 
650 0 7 |a pivo  |7 ph137949  |2 czenas 
655 7 |a kuchařské recepty  |7 fd132687  |2 czenas 
700 1 |a Winter-Neprakta, Jiří,  |d 1924-2011  |7 jk01083186  |4 ill 
830 0 |a Prostřeno  |0 s 
910 |a BOA001  |b 2-1105.416 
990 |a BK 
996 6 |b 2610167118  |c 2-1105.416  |l MZK  |r Sklad / do 1 hodiny  |n 2  |p p.v.  |w 000615899  |u 000010  |a 1  |e BOA001  |j MZK50  |s P